Giữ gìn bản sắc dân tộc Việt Nam trong bối cảnh toàn cầu hoá hiện nay : Sách chuyên khảo

Phân tích cơ sở hình thành, những đặc điểm và nhấn mạnh vai trò quan trọng của việc giữ gìn bản sắc dân tộc; đặt trong bối cảnh toàn cầu hoá và những tác động hai mặt của toàn cầu hoá, tác giả đã đề ra những định hướng và giải pháp c...

Cur síos iomlán

Đã lưu trong:
Sonraí Bibleagrafaíochta
Príomhúdar: Phạm, Thanh Hà
Formáid: Leabhar
Teanga:Undetermined
Foilsithe: Hà Nội Chính trị Quốc gia 2011
Ábhair:
Clibeanna: Cuir Clib Leis
Gan Chlibeanna, Bí ar an gcéad duine leis an taifead seo a chlibeáil!
Thư viện lưu trữ: Trung tâm Học liệu Trường Đại học Cần Thơ
LEADER 01322nam a2200217Ia 4500
001 CTU_173883
008 210402s9999 xx 000 0 und d
020 |c 39000 
082 |a 398.09597 
082 |b H100 
100 |a Phạm, Thanh Hà 
245 0 |a Giữ gìn bản sắc dân tộc Việt Nam trong bối cảnh toàn cầu hoá hiện nay : 
245 0 |b Sách chuyên khảo 
260 |a Hà Nội 
260 |b Chính trị Quốc gia 
260 |c 2011 
520 |a Phân tích cơ sở hình thành, những đặc điểm và nhấn mạnh vai trò quan trọng của việc giữ gìn bản sắc dân tộc; đặt trong bối cảnh toàn cầu hoá và những tác động hai mặt của toàn cầu hoá, tác giả đã đề ra những định hướng và giải pháp chủ yếu nhằm gìn giữ và phát huy bản sắc dân tộc Việt Nam, phát triển lành mạnh con người, xã hội và sự phát triển bền vững của đất nước. 
650 |a National characteristisc,Chủ nghĩa dân tộc 
650 |z Vietnam,Việt Nam 
904 |i Nguyễn Trung Hiếu, Hải 
980 |a Trung tâm Học liệu Trường Đại học Cần Thơ